000 00755nam a2200277 a 4500
003 AR-BaBNM
005 20251128210124.0
008 082120s2002 ||||||||||||||000 | spa||
020 _a958-04-2375-X
040 _cAR-BaBNM
100 1 _aDrozd, Irina
245 0 0 _aLa silla vacía
260 _aSantafé de Bogotá
_bNorma
_c1997
300 _a126 p.
_bil.
490 0 _aTorre de papel. Azul
_vv. 11
500 _aSe recomienda a partir de nueve años
650 4 _aLIBROS PARA NIÑOS
650 4 _aLITERATURA INFANTIL
650 4 _aLITERATURA FRANCESA
653 _aNOVELA DE AVENTURAS
655 _aLITERATURA
700 1 _aGarcía Baquero, Clara
_etraductor
700 1 _aBoll, Dominique
_eilustrador
942 _cBK
998 _cMARTIN
999 _c14136
_d14136